| 000 | 00648pam a2200205 a 4500 | ||
|---|---|---|---|
| 020 | _a0070406804 : | ||
| 082 | 0 | 0 |
_a150.19 _bMAR _cN-01,P-156 |
| 100 | 1 |
_aMarx, Melvin Herman. _937090 |
|
| 245 | 1 | 0 |
_aSystems and theories in psychology / _cMelvin H. Marx, W.A. Cronan-Hillix. |
| 250 | _a ed. | ||
| 260 |
_aNew York : _bMcGraw-Hill, _cc1987. |
||
| 300 |
_axvi, 488 p. : _bill. ; _c25 cm. |
||
| 500 | _aIncludes indexes. | ||
| 526 |
_a0 _b0 _c0 _d150_190000000000000_MAR |
||
| 526 |
_a0 _b0 _c0 _d150_190000000000000_MAR |
||
| 650 | 0 |
_aNUST _96342 |
|
| 650 | 0 |
_aPsychology _xPhilosophy. _937091 |
|
| 700 | 2 |
_aHillix, William A. _937092 |
|
| 942 |
_2ddc _cBK |
||
| 999 |
_c542013 _d542013 |
||